Planificación estratégica de ciudades
保存先:
| 第一著者: | |
|---|---|
| フォーマット: | 図書 |
| 言語: | スペイン語 |
| 出版事項: |
Barcelona
Gustavo Gili
1997
|
| 主題: | |
| タグ: |
タグ追加
タグなし, このレコードへの初めてのタグを付けませんか!
|
MARC
| LEADER | 00000nam a2200000 a 4500 | ||
|---|---|---|---|
| 001 | UCM0099 | ||
| 003 | CL-VaPUC | ||
| 008 | 020108e19970000SP |||||||||||||||||spa|d | ||
| 020 | |a 8425214696 | ||
| 082 | 0 | 4 | |a 307.1 |b FER |2 21 |
| 100 | 0 | |a Fernández Güell, José Miguel |e author |9 466747 | |
| 245 | 1 | 0 | |a Planificación estratégica de ciudades |
| 300 | |a 240 p | ||
| 942 | |c BK | ||
| 945 | |d 20020108 00:00:00 |a crobeson | ||
| 260 | |a Barcelona |b Gustavo Gili |c 1997 | ||
| 500 | |a ALGUNOS EJEMPLARES EN INST.DE GEOGRAFIA POR PROY.MINEDUC | ||
| 650 | 0 | |a Planificación urbana |9 258176 | |
| 650 | 0 | |a Centros urbanos |9 357921 | |
| 650 | 7 | |a URBANISMO - PLANIFICACION ESTRATEGICA |2 CL-VaPUC |9 466748 | |
| 583 | |a last modification |c 20130306 12:19:22 |k Rodrigo Vera | ||
| 999 | |c 299153 |d 299151 | ||
| 952 | |0 0 |1 0 |4 0 |6 307_100000000000000_FER_1997 |7 0 |8 A |9 355354 |a BIBING |b BIBING |d 2019-11-21 |i 3786420 |o 307.1 FER 1997 |p 3786420 |r 2025-01-20 |w 2019-11-21 |y BK |k GEO | ||
| 952 | |0 0 |1 0 |4 0 |6 307_100000000000000_FER_1997 |7 0 |8 A |9 355355 |a BIBARQ |b BIBARQ |d 2019-11-21 |i 4334302 |o 307.1 FER 1997 |p 4334302 |r 2025-01-20 |w 2019-11-21 |y BK |k ARQ | ||